00681nam a2200241 a 4500001001300000003000900013005001700022008004100039020002300080082001700103100001600120245003000136260003500166300000900201500003500210505002200245650002400267700001600291902000800307942000700315952010000322999001700422nice12345678IN_TiNIC20260116014959.0050524s1978 newa grp 000 0 eng  a0809130 c10000a291.172bPAN aPanikkar, R aInter-Religious Dialogue. aNew YorkbPaulist Press c1978 a104p aincludes index and biblioraphy2 aAppendixes, Index aInterfaith Dialogue1 aPanikkar, R bSRS cBK 00104070aHMIbHMId2012-03-02g100.00l0o291.172 PANp11000409r2012-03-02w2026-01-16yEB c17816d17816